[Event "TCh-SUI National A 2012"]
[Site "Switzerland SUI"]
[Date "2012.04.29"]
[Round "3.5"]
[White "Huss,A"]
[Black "Gerber,R"]
[Result "1/2-1/2"]
[WhiteElo "2304"]
[BlackElo "2412"]

1.d4 Nf6 2.c4 g6 3.Nf3 Bg7 4.Nc3 O-O 5.e4 d6 6.Be2 e5 7.d5 a5 8.Bg5 h6 9.Bh4 Na6
10.Nd2 Qe8 11.a3 Bd7 12.b3 Nh7 13.f3 f5 14.O-O h5 15.Rb1 Nc5 16.Nb5 Bxb5
17.cxb5 fxe4 18.Nxe4 Nxe4 19.fxe4 Rf4 20.Bf2 Ng5 21.Qc2 Bh6 22.Bd3 Qd7 23.Kh1 Raf8  1/2-1/2

[Event "ch-SRB 2012"]
[Site "Vrnjacka Banja SRB"]
[Date "2012.04.29"]
[Round "7"]
[White "Indjic,A"]
[Black "Markus,Rob"]
[Result "0-1"]
[WhiteElo "2430"]
[BlackElo "2625"]

1.d4 Nf6 2.c4 g6 3.Nc3 Bg7 4.e4 d6 5.Nf3 O-O 6.Be2 Nbd7 7.O-O e5 8.d5 h6
9.Ne1 Nh7 10.Nd3 f5 11.b4 Ndf6 12.f3 Ng5 13.Nf2 a5 14.bxa5 Rxa5 15.a4 Nh5
16.Ba3 Qe7 17.Bb4 Ra8 18.a5 Nf4 19.Kh1 Nxe2 20.Qxe2 c5 21.dxc6 bxc6 22.Rfd1 Nf7
23.Na4 Ba6 24.Nb6 Rad8 25.Qc2 Qe6 26.c5 dxc5 27.Bxc5 Rfe8 28.Nd3 fxe4 29.fxe4 Rxd3
30.Rxd3 Ng5 31.Rd6 Qg4 32.Re1 Rf8 33.Rxc6 Rf7 34.Nd5 Bb7 35.Rxg6 Qh4 36.Qe2 Kh7
37.Rb6 Bc8 38.Rb3 Bg4 39.Qd2 Bh5 40.Rbe3 Rf2 41.Rh3 Nxh3 42.Bxf2 Nxf2+ 43.Kg1 Nxe4
44.Qe3 Bg6 45.a6 Qd8 46.Rd1 Bf8 47.a7 Bc5 48.Qxc5 Nxc5 49.Nf6+ Qxf6 50.a8=Q Qb6
51.Kh1 Nd3  0-1

[Event "TCh-CHN 2012"]
[Site "Beijing CHN"]
[Date "2012.04.30"]
[Round "3"]
[White "Xiu Deshun"]
[Black "Wan Yunguo"]
[Result "1-0"]
[WhiteElo "2492"]
[BlackElo "2441"]

1.d4 Nf6 2.c4 g6 3.Nc3 Bg7 4.e4 d6 5.Nf3 O-O 6.Be2 e5 7.O-O Nbd7 8.Be3 Re8
9.d5 Nh5 10.g3 Bf8 11.Ne1 Ng7 12.Nd3 f5 13.f3 Be7 14.Qd2 g5 15.exf5 Nxf5
16.Ne4 Nxe3 17.Qxe3 c6 18.Ndf2 Nf8 19.Rfd1 c5 20.b4 b6 21.bxc5 bxc5 22.Rab1 Ng6
23.Rb3 Rf8 24.Rdb1 Rf7 25.Bf1 h6 26.Rb8 Rxb8 27.Rxb8 Qc7 28.Qb3 Bf8 29.Ra8 Kg7
30.Qb8 Ba6 31.Qxc7 Rxc7 32.Ng4 Bc8 33.Ne3 Be7 34.Bd3 a6 35.Rb8 Nh8 36.Nd2 e4
37.Nxe4 Ng6 38.Rb6 Ne5 39.Be2 Nf7 40.f4 gxf4 41.gxf4 Bf8 42.Kf2 Kg6 43.Bd3 Kg7
44.Ng3 Be7 45.Nef5+ Bxf5 46.Bxf5 Bh4 47.Be6 Nd8 48.Rxd6  1-0

[Event "TCh-CHN 2012"]
[Site "Beijing CHN"]
[Date "2012.05.01"]
[Round "4"]
[White "Guo Qi"]
[Black "Gu Xiaobing"]
[Result "1-0"]
[WhiteElo "2351"]
[BlackElo "2257"]

1.d4 Nf6 2.c4 g6 3.Nc3 Bg7 4.e4 d6 5.Nf3 O-O 6.Be2 e5 7.O-O Nbd7 8.Be3 Re8
9.d5 Nh5 10.g3 Bf8 11.Ne1 Ng7 12.Nd3 f5 13.f3 Be7 14.Qd2 Nf6 15.c5 fxe4 16.fxe4 Bh3
17.Rfc1 Ng4 18.Bxg4 Bxg4 19.Nf2 Bf3 20.cxd6 cxd6 21.Nb5 Rf8 22.Rc3 Qd7 23.Rc7 Qxb5
24.Rxe7 Rac8 25.Bh6 Rf7 26.Rxf7 Kxf7 27.Rc1 Rc5 28.Rc3 Rxc3 29.Qxc3 Qe2 30.Qc7+ Ke8
31.Qc8+ Ke7 32.Qxb7+ Ke8 33.Qb8+ Kf7 34.Qxa7+ Ke8 35.Qb8+ Ke7 36.Bg5+ Kf7
37.Qa7+ Kf8 38.Qe3 Qxe3 39.Bxe3 Ne8 40.Bg5 Nc7 41.a3 Na6 42.Be3 Nb8 43.g4 Ke8
44.g5 Kd7 45.Kf1 Kc7 46.Ke1 Kb7 47.b4 Na6 48.Kd2 Bg2 49.Kc3 Nc7 50.a4 Ka6
51.Kb3 Bf3 52.b5+ Kb7 53.Kb4 Bxe4 54.Nxe4 Nxd5+ 55.Ka5 Nxe3 56.Nxd6+ Kc7
57.Ne4 Nd5 58.Ka6 Nb4+ 59.Ka7 Kd7 60.Kb7 Ke6 61.a5 Kd5 62.a6  1-0

[Event "Nakhchivan Open 2012"]
[Site "Nakhchivan AZE"]
[Date "2012.05.01"]
[Round "4.10"]
[White "Volkov,Sergey1"]
[Black "Agasiyev,Ka"]
[Result "1-0"]
[WhiteElo "2623"]
[BlackElo "2238"]

1.d4 Nf6 2.c4 g6 3.Nc3 Bg7 4.e4 d6 5.Be2 O-O 6.Nf3 e5 7.Be3 c6 8.d5 c5 9.Nd2 Ne8
10.g4 Bf6 11.Nf1 Bg5 12.Bxg5 Qxg5 13.h4 Qf4 14.Ne3 f5 15.Ng2 Qh6 16.exf5 gxf5
17.g5 Qg7 18.f4 b5 19.Nxb5 Nd7 20.Qd2 Rb8 21.Nxa7 exf4 22.Nb5 f3 23.Bxf3 Ne5
24.Be2 Nf6 25.gxf6 Qg3+ 26.Kd1 Qxg2 27.Qg5+ Qxg5 28.hxg5 f4 29.Kd2 Bf5 30.b3 f3
31.Nxd6 Bg6 32.Bf1 Rfd8 33.Nb5 f2 34.Bg2 Nd3 35.Bh3 Nf4 36.Ke3 Nxh3 37.Rxh3 Re8+
38.Kxf2 Re5 39.Rg3 Rbe8 40.Nc7 Re2+ 41.Kg1 R8e4 42.Ne6 Rh4 43.Rg2 Re3 44.Rf1 Reh3
45.Rf4 Rh1+ 46.Kf2 R4h3 47.Rf3 Rh4 48.Nxc5  1-0

[Event "69th ch-GEO w"]
[Site "Anaklia GEO"]
[Date "2012.05.02"]
[Round "5.5"]
[White "Guramishvili,S"]
[Black "Lomineishvili,M"]
[Result "1/2-1/2"]
[WhiteElo "2395"]
[BlackElo "2366"]

1.d4 Nf6 2.c4 g6 3.Nc3 Bg7 4.e4 d6 5.Be2 O-O 6.Be3 e5 7.Nf3 exd4 8.Nxd4 Re8
9.f3 c6 10.Bf2 d5 11.exd5 cxd5 12.c5 Nc6 13.O-O Bf8 14.Kh1 Bd7 15.Qd2 Rc8
16.Nc2 Be6 17.Bb5 a6 18.Bxc6 bxc6 19.Na4 Nd7 20.Rac1 Bg7 21.Nd4 Ne5 22.b3 h5
23.h3 Kh7 24.Rce1 Bh6 25.Be3 Bxe3 26.Rxe3 Nd7 27.f4 Qf6 28.f5 Bxf5 29.Nxf5 gxf5
30.Ref3 Re5 31.Qd3 Qg6 32.Rg3 Qe6 33.Nb6 Nxc5 34.Qf3 Rc7 35.Rg5 Ne4 36.Rxh5+ Kg6
37.Rh4 Kg7 38.Qf4  1/2-1/2

[Event "MMM Open 2012"]
[Site "Krakow POL"]
[Date "2012.05.02"]
[Round "4.3"]
[White "Szuper,P"]
[Black "Mikrut,D"]
[Result "0-1"]
[WhiteElo "2189"]
[BlackElo "2359"]

1.d4 Nf6 2.c4 g6 3.Nc3 Bg7 4.e4 d6 5.Be2 O-O 6.Nf3 Na6 7.O-O e5 8.dxe5 dxe5
9.Be3 c6 10.Qxd8 Rxd8 11.h3 Nh5 12.Rfd1 Re8 13.a3 Nf4 14.Bf1 Ne6 15.b4 f5
16.exf5 gxf5 17.Ra2 Nac7 18.Nh4 Nf8 19.Bc5 Bf6 20.Bd6 Bxh4 21.Bxc7 Bf6 22.Bd6 Be6
23.Na4 b6 24.Bxf8 Kxf8 25.Rd6 Rac8 26.Rad2 e4 27.Rd1 Ke7 28.g3 Red8 29.Rxd8 Rxd8
30.Rxd8 Kxd8 31.Be2 Kd7 32.Kf1 Bd4 33.Ke1 Kd6 34.c5+ bxc5 35.Nxc5 Bxc5 36.bxc5+ Kxc5
37.Kd2 Kd4 38.h4 Bf7 39.Ba6 Be6 40.Bb7 c5 41.Ba6 c4 42.Bb7 Bd7 43.Kc2 h6
44.Kd2 Be6 45.Bc6 c3+ 46.Kc1 e3 47.fxe3+ Kxe3 48.Kc2 Kf2 49.Kxc3 Kxg3 50.Kd2 Kxh4  0-1

[Event "ch-LAT 2012"]
[Site "Riga LAT"]
[Date "2012.05.02"]
[Round "6"]
[White "Dzirkalis,Edvins"]
[Black "Skuja,A"]
[Result "1-0"]
[WhiteElo "2088"]
[BlackElo "2194"]

1.d4 Nf6 2.c4 g6 3.Nc3 Bg7 4.e4 d6 5.Nf3 O-O 6.Be2 Nbd7 7.O-O e5 8.dxe5 dxe5
9.Qc2 c6 10.Rd1 Qc7 11.b3 Re8 12.Na4 b6 13.h3 Nf8 14.c5 b5 15.Nb2 Bd7 16.Be3 Ne6
17.Bf1 Rad8 18.a4 a6 19.Ra2 Bc8 20.Rda1 Nd4 21.Bxd4 exd4 22.Re1 Re7 23.Raa1 Rde8
24.Bd3 Nh5 25.Rad1 Nf4 26.Bf1 Ne6 27.Nd3 Rd8 28.e5 f6 29.exf6 Bxf6 30.Nd2 Ng5
31.Rxe7 Qxe7 32.Re1 Qf8 33.axb5 axb5 34.h4 Nf7 35.g3 Bf5 36.Ne4 Bg7 37.Bg2 Ne5
38.b4 Nxd3 39.Qxd3 Qf7 40.Bf1 Re8 41.g4 Bxg4 42.Nd6 Rxe1 43.Nxf7 Kxf7 44.Qd2 Re7
45.Qf4+ Bf5 46.Bd3 Be5 47.Qf3 Re6 48.Bxf5 Rf6 49.Be6+ Kxe6 50.Qxc6+ Kf5 51.Qxb5 Ke4
52.Qe2+ Kd5 53.f3 Bf4 54.Qa2+ Ke5 55.Qc4  1-0

[Event "Norsk Sjakkfestival"]
[Site "Fagernes NOR"]
[Date "2012.05.03"]
[Round "7"]
[White "Gandrud,V"]
[Black "Stokke,K"]
[Result "1/2-1/2"]
[WhiteElo "2200"]
[BlackElo "2409"]

1.d4 g6 2.c4 Bg7 3.Nc3 d6 4.e4 Nf6 5.Nf3 O-O 6.Be2 e5 7.O-O exd4 8.Nxd4 Re8
9.f3 Nc6 10.Be3 Nh5 11.Nxc6 bxc6 12.Qd2 f5 13.exf5 Rb8 14.Bxa7 Qh4 15.Bf2 Qf4
16.Rad1 Qxd2 17.Rxd2 Nf4 18.Bd1 Bh6 19.Ne4 Bxf5 20.Nf6+ Kf7 21.Nxe8 Rxe8
22.Re1 Nh3+ 23.gxh3 Bxd2 24.Rxe8 Kxe8 25.Kg2 Bd3  1/2-1/2

[Event "Copenhagen Chess Challenge 2012"]
[Site "Ballerup DEN"]
[Date "2012.05.04"]
[Round "4"]
[White "Stojanovski,Sa"]
[Black "Danielsen,Hen"]
[Result "1/2-1/2"]
[WhiteElo "2200"]
[BlackElo "2498"]

1.d4 Nf6 2.c4 d6 3.Nc3 g6 4.e4 Bg7 5.Nf3 O-O 6.Be2 Na6 7.O-O e5 8.dxe5 dxe5
9.Qc2 c6 10.Nxe5 Re8 11.Bf4 Qe7 12.Rad1 Nxe4 13.Qxe4 Bf5 14.Qe3 Bxe5 15.Qxe5 Qxe5
16.Bxe5 Rxe5 17.Bd3 Be6 18.b3 Nc5 19.Bc2 a5 20.Rfe1 Rxe1+ 21.Rxe1 Kf8 22.Rd1 Ke7
23.Rd4 f5 24.f4 Bf7 25.g3 Ra6 26.Kf2 Rb6 27.Ke3 Rb4 28.Rd1 Rb6 29.Kd4 Ne6+
30.Ke3 Ra6 31.h3 Nc5 32.Kd4 Nd7 33.g4 Be6 34.gxf5 gxf5 35.Na4 b6 36.Rg1 Kf6
37.Bd1 Ra8 38.Bf3 Rd8 39.Ke3 b5 40.cxb5 cxb5 41.Nc3 b4 42.Nd5+ Bxd5 43.Bxd5 Nb6
44.Bf3 Rc8 45.Kd4 Rc3 46.Bb7 Nd7 47.Rg8 Rxh3 48.Ra8 Rh4 49.Ra6+ Ke7 50.Rxa5 Rxf4+
51.Ke3 Rf1 52.Ke2 Ra1 53.Rxf5 Rxa2+ 54.Kd3 Ra7 55.Bd5 Nf6 56.Bf3 Rc7 57.Kd4 Rc3
58.Bd5 Nxd5 59.Kxd5 Kd8 60.Rh5 Rc7 61.Rh6 Kc8 62.Kd4 Kb7 63.Rh3 Ka7 64.Rh6 Kb7
65.Rh4 Kc8 66.Kd5 Rb7 67.Kc5 Kb8 68.Kd4 Ka8 69.Kc4 Kb8 70.Kc5 Kc8 71.Kd5 Kb8
72.Kc5 Ka7 73.Rh6 Ka8 74.Rh4 Kb8 75.Kc6 Ka7 76.Kc5 Ka6 77.Kc4 Ka5 78.Rh5+ Ka6
79.Rh4 Ka7 80.Kc5 Ka8 81.Kc6 Kb8 82.Kc5 Ka7 83.Kc4 Ka8 84.Kc5 Kb8 85.Kc6 Ka8
86.Kc5  1/2-1/2

[Event "8th World Schools U17"]
[Site "Iasi ROU"]
[Date "2012.05.05"]
[Round "8.1"]
[White "Lkhagvasuren,Tsedvee"]
[Black "Lamawansa,Yasa"]
[Result "1/2-1/2"]
[WhiteElo "2219"]
[BlackElo "1933"]

1.c4 Nf6 2.Nc3 g6 3.d4 Bg7 4.e4 d6 5.Nf3 O-O 6.Be2 e5 7.dxe5 dxe5 8.Qxd8 Rxd8
9.Bg5 Re8 10.Bxf6 Bxf6 11.c5 c6 12.O-O Bg4 13.h3 Bxf3 14.Bxf3 Na6 15.Na4 Red8
16.a3 Nc7 17.Rfd1 Ne6 18.Be2 Rd4 19.Rxd4 exd4 20.Rd1 h5 21.b4 Kf8 22.Bc4 Ke7
23.Nb2 b6 24.cxb6 axb6 25.a4 Nf4 26.g3 d3 27.Nxd3 Nxd3 28.Bxd3 Rxa4 29.Rc1  1/2-1/2

[Event "Nakhchivan Open 2012"]
[Site "Nakhchivan AZE"]
[Date "2012.05.05"]
[Round "8.12"]
[White "Volkov,Sergey1"]
[Black "Iskandarov,M"]
[Result "0-1"]
[WhiteElo "2623"]
[BlackElo "2305"]

1.d4 Nf6 2.c4 g6 3.Nc3 Bg7 4.e4 d6 5.Be2 O-O 6.Nf3 e5 7.Be3 exd4 8.Nxd4 Re8
9.f3 c6 10.Bf2 d5 11.exd5 cxd5 12.O-O Nc6 13.c5 Nh5 14.Qd2 Be5 15.g3 Bh3
16.Rfe1 Ng7 17.Ncb5 Ne6 18.Nxe6 Rxe6 19.Rad1 Qf6 20.Qh6 Bf5 21.f4 Bxb2 22.Nc7 Nd4
23.Nxe6 fxe6 24.Qh4 Qg7 25.g4 Bc2 26.Rd2 Bc3 27.Bxd4 Bxd4+ 28.Kg2 Be4+ 29.Bf3 Bc3
30.Rxe4 g5 31.Rxe6 gxh4 32.Rxd5 Kh8 33.Red6 Rf8 34.Rd7 Qg6 35.f5 Qa6 36.g5 Qxa2+
37.Kh3 Qf2 38.Kg4 Qxh2 39.Rd3 Bd2 40.Kh5 Qf4 41.Rxh7+ Kxh7 42.Rd7+ Kh8  0-1

[Event "FSFMB May 2012"]
[Site "Budapest HUN"]
[Date "2012.05.08"]
[Round "4"]
[White "Csiba,Tibor"]
[Black "Mirza,Solyom"]
[Result "0-1"]
[WhiteElo "1438"]
[BlackElo "1671"]

1.d4 Nf6 2.c4 g6 3.Nc3 Bg7 4.e4 d6 5.Be2 O-O 6.Nf3 e5 7.Be3 Ng4 8.Bg5 f6
9.Bh4 Nc6 10.d5 Ne7 11.h3 Nh6 12.Nh2 f5 13.f3 Kh8 14.Qc2 Nhg8 15.O-O-O Nf6
16.g4 f4 17.Nf1 a5 18.Nb5 Bd7 19.a4 Bxb5 20.cxb5 Rc8 21.Rd3 c6 22.Rc3 cxd5
23.Bxf6 Bxf6 24.exd5 Nxd5 25.Bc4 Nxc3 26.Qxc3  0-1

[Event "42nd Bosna Open B"]
[Site "Sarajevo BIH"]
[Date "2012.05.09"]
[Round "7.10"]
[White "Dedijer,S"]
[Black "Petrovic,Mari"]
[Result "0-1"]
[WhiteElo "2058"]
[BlackElo "2189"]

1.d4 g6 2.c4 Bg7 3.Nf3 Nf6 4.Nc3 d6 5.e4 O-O 6.Be2 Nbd7 7.O-O e5 8.Re1 Re8
9.Bf1 c6 10.Rb1 a5 11.b3 exd4 12.Nxd4 Nc5 13.f3 Ne6 14.Be3 Nh5 15.Qd2 Qf6
16.Rbd1 h6 17.Nce2 Nxd4 18.Bxd4 Qd8 19.Bxg7 Nxg7 20.Qxd6 Qb6+ 21.c5 Qb4 22.Nf4 Ne6
23.Nd3 Qc3 24.Rc1 Qd4+ 25.Qxd4 Nxd4 26.Nb2 Be6 27.Red1 Red8 28.Rc3 Nb5 29.Rcd3 Rxd3
30.Rxd3 Kf8 31.Kf2 Ke7 32.Ke3 g5 33.Na4 f5 34.Nb6 Rf8 35.Be2 h5 36.Rd2 g4
37.Bc4 gxf3 38.gxf3 fxe4 39.fxe4 Bg4 40.Be2 Ke6 41.Nc4 Nc3 42.Bxg4+ hxg4
43.Rd6+ Ke7 44.Ne5 Rf1 45.Nxg4 Nxa2 46.Kd4 Nc1 47.Ke5 Rf3 48.Re6+ Kd8 49.Rd6+ Kc7
50.Ke6 Nxb3 51.Rd7+ Kb8 52.Rd1 Nxc5+ 53.Ke5 a4 54.Ra1 a3 55.h4 Rh3 56.Nf6 Kc7
57.h5 b5 58.h6 b4 59.Kd4 Nb3+  0-1

[Event "Asian Continental 2012"]
[Site "Ho Chi Minh City VIE"]
[Date "2012.05.11"]
[Round "7.17"]
[White "Nguyen Anh Dung"]
[Black "Jumabayev,R"]
[Result "1-0"]
[WhiteElo "2440"]
[BlackElo "2556"]

1.d4 Nf6 2.c4 d6 3.Nc3 Nbd7 4.e4 e5 5.Nf3 g6 6.Be2 Bg7 7.O-O O-O 8.Qc2 c6
9.Rd1 exd4 10.Nxd4 Qe7 11.Bf1 a5 12.b3 Nc5 13.f3 Nh5 14.Qf2 f5 15.exf5 Bxf5
16.Be3 Bd7 17.Re1 Be5 18.Rad1 Nf4 19.a3 Qg7 20.Qc2 g5 21.b4 axb4 22.axb4 Na6
23.b5 Nb4 24.Qb1 c5 25.Ne4 g4 26.Ng3 Qg6 27.Qxg6+ Nxg6 28.Nb3 gxf3 29.gxf3 b6
30.Bh6 Rfe8 31.Ne4 Ra3 32.f4 Bg7 33.Rxd6 Nf8 34.Nf6+ Bxf6 35.Rxf6 Ng6 36.Rxe8+ Bxe8
37.f5 Rxb3 38.fxg6 hxg6 39.Rf8+ Kh7 40.Bg5  1-0

[Event "Open Hradec Kralove 2012"]
[Site "Hradec Kralove CZE"]
[Date "2012.05.12"]
[Round "1"]
[White "Langr,J"]
[Black "Med,L"]
[Result "0-1"]
[WhiteElo "1651"]
[BlackElo "1869"]

1.d4 Nf6 2.c4 g6 3.Nc3 Bg7 4.e4 d6 5.Nf3 O-O 6.Be2 e5 7.d5 Nbd7 8.O-O Nh5
9.Be3 f5 10.exf5 Nf4 11.fxg6 hxg6 12.Ne4 Nf6 13.Nfd2 Bf5 14.Ng3 Qd7 15.Nxf5 Qxf5
16.Bxf4 exf4 17.Rb1 Kf7 18.Nf3 Rh8 19.h3 Rxh3 20.gxh3 Rh8 21.Bd3 Qh5 22.h4 Qg4+
23.Kh1 Qh3+ 24.Kg1 Qg4+ 25.Kh2 Rxh4+ 26.Nxh4 Qxh4+ 27.Kg2 Qg5+ 28.Kh3 Qh6+
29.Kg2 Qg5+ 30.Kh1 Ng4 31.Qe2 Qh4+ 32.Kg2 Qh2+ 33.Kf3 Qh3+ 34.Ke4 Nh2 35.Kxf4 Be5+
36.Ke4 Qh4+ 37.f4 Qh3 38.fxe5+ Kg7 39.Kd4  0-1

[Event "Open Hradec Kralove 2012"]
[Site "Hradec Kralove CZE"]
[Date "2012.05.12"]
[Round "1"]
[White "Mares,I"]
[Black "Rosko,L"]
[Result "0-1"]
[WhiteElo "1813"]
[BlackElo "2321"]

1.Nf3 Nf6 2.c4 g6 3.Nc3 Bg7 4.e4 d6 5.d4 O-O 6.Be2 e5 7.dxe5 dxe5 8.Bg5 Nbd7
9.O-O h6 10.Bxf6 Qxf6 11.Nd5 Qd8 12.Qc2 c6 13.Nc3 Nc5 14.Rad1 Qe7 15.b4 Ne6
16.c5 Nd4 17.Qb2 Be6 18.Nd2 b5 19.Bd3 a5 20.a3 f5 21.Bb1 axb4 22.axb4 f4
23.f3 Kh8 24.Bd3 g5 25.Ra1 Rad8 26.Be2 h5 27.Ra5 Qd7 28.Rd1 g4 29.Nf1 Rg8
30.Kh1 Bf6 31.Rda1 gxf3 32.Bxf3 Nxf3 33.gxf3 Qd4  0-1

[Event "Asian Continental 2012"]
[Site "Ho Chi Minh City VIE"]
[Date "2012.05.13"]
[Round "9.26"]
[White "Irwanto,S"]
[Black "Pitra,Andika"]
[Result "1/2-1/2"]
[WhiteElo "2419"]
[BlackElo "2327"]

1.d4 Nf6 2.c4 g6 3.Nc3 Bg7 4.e4 O-O 5.Nf3 d6 6.Be2 e5 7.O-O Nh5 8.Be3 Nf4
9.dxe5 dxe5 10.Bxf4 Qxd1 11.Raxd1 exf4 12.Nd5 Na6 13.b3 Re8 14.Bd3 Bg4 15.Nxf4 Nc5
16.h3 Bxf3 17.gxf3 Be5 18.Ne2 Ne6 19.Bc2 a5 20.Rd5 f6 21.Rfd1 Kf8 22.Kf1 c6
23.Rd7 Re7 24.Kg2 h5 25.Kf1 h4 26.a3 g5 27.Ke1 Bb2 28.a4 Ke8 29.R7d2 Be5
30.Kf1 Rd8 31.Rxd8+ Nxd8 32.f4 gxf4 33.Ng1 Ne6 34.Nf3 Rg7 35.Rd2 Rh7 36.Bd1 Ke7
37.Bc2 Rh8 38.Kg2 Rg8+ 39.Kf1 Rh8 40.Kg2 Nf8 41.Rd1 Rg8+ 42.Kf1 Ng6 43.Ke2 Rd8
44.Rg1 Kf7 45.c5 Bc3 46.b4 Ne5 47.Bb3+ Kf8 48.Rg8+ Ke7 49.Rg7+ Kf8 50.Rg8+ Ke7
51.Rg7+ Kf8  1/2-1/2

[Event "47th Capablanca Memorial Premier"]
[Site "Havana CUB"]
[Date "2012.05.14"]
[Round "9.2"]
[White "Alvarez Pedraza,A"]
[Black "Morovic Fernandez,I"]
[Result "1/2-1/2"]
[WhiteElo "2551"]
[BlackElo "2577"]

1.d4 Nf6 2.c4 g6 3.Nc3 Bg7 4.e4 d6 5.Be2 O-O 6.Nf3 e5 7.O-O Qe8 8.dxe5 dxe5
9.Be3 b6 10.Nd5 Na6 11.Nd2 Nd7 12.Qa4 Bb7 13.b4 c6 14.Nc3 Nc7 15.Nb3 Ne6
16.Rfd1 Qe7 17.c5 Rad8 18.Ba6 Bxa6 19.Qxa6 Nd4 20.Rac1 bxc5 21.Nxc5 Nxc5
22.bxc5 Qxc5 23.Nd5 Qb5  1/2-1/2

[Event "ch-CZE 2012"]
[Site "Kouty nad Desnou CZE"]
[Date "2012.05.14"]
[Round "3"]
[White "Siebenburger,V"]
[Black "Folk,P"]
[Result "1-0"]
[WhiteElo "2111"]
[BlackElo "2244"]

1.d4 Nf6 2.c4 g6 3.Nc3 Bg7 4.e4 d6 5.Be2 O-O 6.Nf3 e5 7.dxe5 dxe5 8.Qxd8 Rxd8
9.Bg5 Re8 10.Nd5 Nxd5 11.cxd5 c6 12.Bc4 b5 13.Bb3 Bb7 14.Rd1 c5 15.d6 Nd7
16.Bd5 Bxd5 17.Rxd5 Rac8 18.Ke2 a6 19.Be7 f6 20.g4 Bf8 21.Bxf8 Kxf8 22.h4 Kf7
23.g5 f5 24.exf5 gxf5 25.h5 Ke6 26.Rdd1 Rg8 27.Rhg1 e4 28.Nh4 Ne5 29.f3 Rcd8
30.fxe4 fxe4 31.Ke3 Nc4+ 32.Kxe4 Nxd6+ 33.Kf4 Rdf8+ 34.Kg4 Ne4 35.g6 Nf2+
36.Kg5 Nxd1 37.Re1+ Kd5 38.Rxd1+ Kc6 39.Nf5 c4 40.Ne7+ Kc5 41.Nxg8 Rxg8 42.Kf6 hxg6
43.hxg6 Rf8+ 44.Ke7 Rf2 45.Rg1 Re2+ 46.Kd7 Rd2+ 47.Kc7 Re2 48.Rg5+ Kd4 49.g7 Re8
50.g8=Q Rxg8 51.Rxg8 b4 52.Kb6  1-0

[Event "Serbia Cup Final 2012"]
[Site "Kragujevac SRB"]
[Date "2012.05.14"]
[Round "1"]
[White "Pavlovic,G1"]
[Black "Popovic,AM"]
[Result "1-0"]
[WhiteElo "2394"]
[BlackElo "2300"]

1.d4 g6 2.Nf3 Bg7 3.c4 d6 4.Nc3 Nf6 5.e4 O-O 6.Be2 e5 7.d5 Na6 8.Be3 Nc5
9.Nd2 a5 10.a3 c6 11.O-O Bd7 12.b4 Na6 13.Rb1 axb4 14.axb4 Qc7 15.dxc6 bxc6
16.c5 d5 17.Na4 dxe4 18.Nb6 Ra7 19.Nxd7 Qxd7 20.Nxe4 Nd5 21.b5 Nab4 22.b6 Ra2
23.Bc4  1-0

[Event "ch-CZE 2012"]
[Site "Kouty nad Desnou CZE"]
[Date "2012.05.15"]
[Round "4"]
[White "Bartos,J"]
[Black "Pokrupa,M"]
[Result "1/2-1/2"]
[WhiteElo "2235"]
[BlackElo "2216"]

1.d4 Nf6 2.Nf3 g6 3.c4 Bg7 4.Nc3 O-O 5.e4 d6 6.Be2 e5 7.dxe5 dxe5 8.Qxd8 Rxd8
9.Bg5 Rf8 10.Nxe5 Nxe4 11.Nxe4 Bxe5 12.O-O-O Nc6 13.Nf6+ Kg7 14.Ng4 Bxg4
15.Bxg4 Bf6 16.Bxf6+ Kxf6 17.c5 Rfe8 18.Bf3 Re5 19.Rd5 Rae8 20.Rhd1 h5 21.a3  1/2-1/2

[Event "30th Liechtenstein Open 2012"]
[Site "Triesen LIE"]
[Date "2012.05.15"]
[Round "5.6"]
[White "Kessler,L"]
[Black "Sergeev,Vl"]
[Result "1-0"]
[WhiteElo "2233"]
[BlackElo "2486"]

1.d4 Nf6 2.c4 d6 3.Nc3 Nbd7 4.Nf3 g6 5.e4 e5 6.Be2 Bg7 7.O-O O-O 8.Be3 c6
9.d5 c5 10.Nd2 Ne8 11.Rb1 f5 12.f3 Bf6 13.a3 f4 14.Bf2 Bh4 15.g3 fxg3 16.hxg3 Bg5
17.Kg2 Ng7 18.b4 Nh5 19.Rh1 b6 20.Nb3 Rf7 21.Nc1 Qe7 22.Nd3 Ndf6 23.a4 Ba6
24.Qb3 Raf8 25.a5 Bc8 26.axb6 axb6 27.Na4 Nd7 28.Nxb6 Nxb6 29.bxc5 Nd7 30.cxd6 Qxd6
31.c5 Qf6 32.c6 Bd2 33.cxd7 Bxd7 34.Qb2 Qg5 35.Rxh5 Qxh5 36.Rh1 Qg5 37.Qxe5 Re8
38.Qxg5 Bxg5 39.f4 Rxe4 40.Bf3 Re8 41.fxg5 Rf5 42.Ra1 Rxg5 43.Ra7 Bf5 44.Nf4 Be4
45.d6 Bxf3+ 46.Kxf3 Rf5 47.d7 Ref8 48.Bb6 Rd5 49.Kg2 Rd6 50.d8=Q Rfxd8 51.Bxd8 Rxd8
52.Kh3 Rf8 53.Kg4 Rf7 54.Rxf7 Kxf7 55.Kg5 Kg7 56.Nd5 h6+ 57.Kf4 Kf7 58.Ke5 Kg7
59.Ke6 h5 60.Nf4 Kh6 61.Kf6 g5 62.Nh3 g4 63.Nf4 h4 64.gxh4 g3 65.Kf5  1-0

[Event "ch-CZE 2012"]
[Site "Kouty nad Desnou CZE"]
[Date "2012.05.17"]
[Round "6"]
[White "Bartos,J"]
[Black "Siebenburger,V"]
[Result "1-0"]
[WhiteElo "2235"]
[BlackElo "2111"]

1.d4 Nf6 2.Nf3 g6 3.c4 Bg7 4.Nc3 O-O 5.e4 d6 6.Be2 e5 7.dxe5 dxe5 8.Qxd8 Rxd8
9.Bg5 Re8 10.Nd5 Nxd5 11.cxd5 c6 12.Bc4 cxd5 13.Bxd5 Na6 14.O-O-O Nc7 15.Bb3 Be6
16.Bxe6 Nxe6 17.Be3 Re7 18.Kb1 b6 19.Nd2 Rc7 20.Rc1 Bf8 21.Rxc7 Nxc7 22.Nc4 f6
23.Rd1 Ne6 24.Rd7 Rc8 25.Nd6 Rd8 26.Rxd8 Nxd8 27.Nb5 Nc6 28.a3 Kf7 29.Kc2 Ke6
30.b4 f5 31.f3 Kd7 32.Nc3 a5 33.bxa5 bxa5 34.a4 Nb4+ 35.Kb3 Kc6 36.Kc4 Nc2
37.Bf2 f4 38.Nd5 Nb4 39.Be1 Nxd5 40.exd5+ Kb6 41.Bc3 Bd6 42.Kd3 Bc7 43.Ke4 Kc5
44.Bxe5 Bd8 45.Bxf4 Kb4 46.Bb8 Kxa4 47.d6  1-0

[Event "ch-CZE 2012"]
[Site "Kouty nad Desnou CZE"]
[Date "2012.05.17"]
[Round "6"]
[White "Straka,V"]
[Black "Rasik,V"]
[Result "1/2-1/2"]
[WhiteElo "2259"]
[BlackElo "2495"]

1.d4 d6 2.Nf3 g6 3.c4 Bg7 4.Nc3 Nf6 5.e4 O-O 6.Be2 c6 7.O-O e5 8.dxe5 dxe5
9.Qxd8 Rxd8 10.Nxe5 Nxe4 11.Nxe4 Bxe5 12.Bg5 Re8 13.Rad1 Bf5 14.Bf3 Bxe4
15.Bxe4 f6 16.Be3 Na6 17.Bf3 Red8 18.b3 Kf7 19.g3 Nb4 20.a4 Nc2 21.Rxd8 Rxd8
22.Bxa7 Bd4 23.Rd1 Ke7 24.c5 Bc3 25.Rxd8 Kxd8 26.Be2 Nd4 27.Bc4 Bb4 28.Kg2 Ke7
29.h4 h5 30.f3 f5 31.Bb6 Ne6 32.f4 Nxc5 33.Bxc5+  1/2-1/2

[Event "Serbia Cup Final 2012"]
[Site "Kragujevac SRB"]
[Date "2012.05.17"]
[Round "4"]
[White "Arsovic,Z"]
[Black "Popovic,Du"]
[Result "0-1"]
[WhiteElo "2455"]
[BlackElo "2548"]

1.Nf3 Nf6 2.c4 g6 3.Nc3 Bg7 4.e4 d6 5.d4 O-O 6.Be2 e5 7.Be3 exd4 8.Nxd4 Re8
9.f3 c6 10.Bf2 d5 11.exd5 cxd5 12.O-O Nc6 13.c5 Re5 14.Ncb5 Nh5 15.Qd2 Qf8
16.Rfe1 Bd7 17.Nxc6 bxc6 18.Nd6 Re6 19.f4 Rb8 20.Rab1 Nf6 21.Bf3 Ne8 22.Rxe6 Bxe6
23.Nxe8 Qxe8 24.Bd4 Bxd4+ 25.Qxd4 Bf5 26.Rf1 a5 27.a3 Rb3 28.g4 Rd3 29.Qf2 Be4
30.Bxe4 dxe4 31.f5 e3 32.Qf3 Rd2 33.b4 axb4 34.axb4 Qe5 35.Qg3 Qxg3+ 36.hxg3 Rb2
37.Re1 Rxb4 38.Rxe3 Kg7 39.fxg6 hxg6 40.g5 Rg4 41.Re5 Rxg3+ 42.Kf2 Rd3 43.Ke2 Rd8
44.Kf3 Kf8 45.Re4 Rd5 46.Kf4 Rxc5 47.Re1 Rc4+ 48.Kf3 Rd4 49.Rc1 Rd5 50.Kf4 c5
51.Ra1 Rf5+ 52.Kg4 Ke7 53.Ra8 Kd6  0-1

[Event "21st CRO-Cup"]
[Site "Sibenik CRO"]
[Date "2012.05.17"]
[Round "3.62"]
[White "Sertic,Ru"]
[Black "Orak,L"]
[Result "1-0"]
[WhiteElo "2389"]
[BlackElo "2323"]

1.d4 Nf6 2.c4 g6 3.Nc3 Bg7 4.e4 d6 5.Nf3 O-O 6.Be2 e5 7.dxe5 dxe5 8.Qxd8 Rxd8
9.Bg5 Re8 10.O-O-O Nbd7 11.Nb5 Rf8 12.Nxc7 Rb8 13.Nd2 Nc5 14.f3 Ne6 15.Nxe6 Bxe6
16.Be3 b6 17.b3 Nd7 18.Nb1 Rfc8 19.Kb2 Bf8 20.Nc3 Bc5 21.Bxc5 bxc5 22.Rd6 Rb6
23.Rhd1 Rxd6 24.Rxd6 Nb8 25.Nb5 Nc6 26.a3 Kf8 27.Rxc6 Rxc6 28.Nxa7 Ra6 29.Nb5 Ke7
30.Nc7 Ra7 31.Nd5+ Bxd5 32.cxd5 f5 33.a4 Kd6 34.Kc3 Rb7 35.Bb5 fxe4 36.fxe4 Rb8
37.Kc4 Ra8 38.Bc6 Rb8 39.Bb5 Ra8 40.b4 cxb4 41.Kxb4 Rf8 42.a5 Rf4 43.a6 Rxe4+
44.Ka5 Rf4 45.a7 Rf8 46.Bc6 Kc5 47.a8=Q Rxa8+ 48.Bxa8 e4 49.d6 e3 50.Bf3 Kxd6
51.Kb4 Ke5 52.Kc3 Kf4 53.Kd4 g5 54.Be2  1-0

[Event "30th Liechtenstein Open 2012"]
[Site "Triesen LIE"]
[Date "2012.05.18"]
[Round "8.3"]
[White "Farago,I"]
[Black "Van der Weide,K"]
[Result "1/2-1/2"]
[WhiteElo "2500"]
[BlackElo "2456"]

1.d4 Nf6 2.c4 g6 3.Nc3 Bg7 4.e4 d6 5.Be2 O-O 6.Nf3 e5 7.O-O exd4 8.Nxd4 Re8
9.f3 c6 10.Nc2 Nh5 11.g4 Be5 12.gxh5 Bxh2+ 13.Kxh2 Qh4+ 14.Kg1 Qg3+ 15.Kh1 Qh3+
16.Kg1  1/2-1/2

[Event "Caissa IM May 2012"]
[Site "Kecskemet HUN"]
[Date "2012.05.19"]
[Round "1.3"]
[White "Galyas,M"]
[Black "Kantor,G"]
[Result "1/2-1/2"]
[WhiteElo "2403"]
[BlackElo "2336"]

1.d4 Nf6 2.Nf3 g6 3.c4 d6 4.Nc3 Bg7 5.e4 O-O 6.Be2 e5 7.Be3 exd4 8.Nxd4 Re8
9.f3 c6 10.Qd2 d5 11.exd5 cxd5 12.O-O Nc6 13.Rad1 dxc4 14.Nxc6 Qxd2 15.Bxd2 bxc6
16.Bxc4 Be6 17.Bxe6 Rxe6 18.Rfe1 Rxe1+ 19.Bxe1 Nd5 20.Nxd5 cxd5 21.b3 d4
22.Kf1 Rc8 23.Bf2 Rc2 24.a4 Rb2 25.Bxd4 Bxd4 26.Rxd4 Rxb3 27.Rd7 h5 28.Rxa7 Ra3
29.a5 h4 30.a6 h3 31.gxh3 Rxf3+ 32.Kg2 Ra3 33.h4 Kg7 34.Ra8 Kf6 35.a7 Kf5  1/2-1/2